| 000 | 00545nam a2200193 u 4500 | ||
|---|---|---|---|
| 005 | 20240912063738.0 | ||
| 008 | 090526s2004 cu r 000 0 spa d | ||
| 020 | _a95906013173 | ||
| 035 | _aUPN01000170637 | ||
| 049 | _aCG | ||
| 050 | 4 |
_aF1776 _bR5.2 |
|
| 100 | 1 | _aRiverend, Julio Le | |
| 245 | 1 | 0 |
_aBreve historia de Cuba / _cJulio Le Riverend. |
| 260 |
_aLa Habana : _bCiencias Sociales, _c2004. |
||
| 300 | _a141 p., [36] p. de il. | ||
| 651 | 0 |
_aCuba _xHistoria _911692 |
|
| 651 | 4 |
_aCuba _xCondiciones sociales _912033 |
|
| 905 | _aLibro | ||
| 999 |
_c142742 _d142742 |
||